000 00709nam a2200241 a 4500
003 PILC
005 20160301151258.0
008 080114s19uu xx 00 eng d
020 _a9780131189805
020 _a0131189808
050 _aG 155.A1
_b.C674 2006
100 _aCook, Roy A.
245 _aTourism :
_bthe business of travel /
_cRoy A. Cook.
250 _a3rd edition.
260 _aNew Jersey :
_bPearson Education,
_c2006.
300 _a489 pages :
_billustrations (some color) ;
_c27 cm.
500 _aIncludes bibliographical references, glossary and index.
650 _aTourism.
700 _aYale, Laura J.
700 _aMarqua, Joseph J.
942 _cBK
_2lcc
_kFOR
999 _c22794
_d22794